Programmong Languages: History and Fundamentals /
Saved in:
| Main Author: | |
|---|---|
| Format: | Book |
| Language: | English |
| Published: |
New Jersey :
Prentice Hall,
1969
|
| Subjects: | |
| Tags: |
No Tags, Be the first to tag this record!
|
MARC
| LEADER | 00000nam a22000003a 4500 | ||
|---|---|---|---|
| 001 | stu41730 | ||
| 005 | 20150617225719.3 | ||
| 008 | 940119s1969----xxu-----------------eng-d | ||
| 040 | |a STU |b slo | ||
| 041 | 0 | |a eng | |
| 044 | |a xxu | ||
| 080 | |a 519.682 | ||
| 100 | 1 | |a Sammet, Jean E |4 aut | |
| 245 | 1 | |a Programmong Languages: History and Fundamentals / |c [aut.]Jean E. Sammet | |
| 260 | |a New Jersey : |b Prentice Hall, |c 1969 | ||
| 300 | |a 785 s | ||
| 650 | 7 | |a jazyky programovacie |2 stusub | |
| 996 | |b 284M062024 |c M*1113-1 |l MMKN |s A |a 24 |w stu41730_0001 | ||